000
00303nam a22001457a 4500
008
230123b ||||| |||| 00| 0 eng d
020
_a
9780804732697
041
_a
eng
080
_a
51
082
_a
51DAV
100
_a
20
101
_a
LITE
245
_a
ACTS OF UNION
_c
DAVIS L
942
_2
udc
_c
BK
999
_c
59245
_d
59245